000 00550nam a2200193Ia 4500
005 20250508165706.0
008 008 250505s9999 xx 000 0 eng d
037 _aTextual
040 _aFEDL
_beng
_cFEDL
041 _aeng
_2eng
084 _a575, SMI
_qFEDL
100 _aSmith John Maynard
_9247935
245 0 _aDid darwin get it right? : essays on games, sex and evolution
260 _aLondon, UK
_bPenguin Books
_c1988
300 _avi,264p.
365 _aGBP
_b4.75
942 _cTEXL
_h575, SMI
999 _c1396789
_d1396789